Missing Word: Movies Missing First Names Quiz Stats

Quiz Updated Jun 13, 2016

Challenge
Share
Tweet
Embed
Score 0/22 Timer 02:00
0 Plays Today
Movie First Name % Correct
Breakfast at _______'sTiffany
98.5%
Saving Private ____Ryan
98.5%
______ ScissorhandsEdward
98.3%
Who Framed _____ RabbitRoger
97.2%
Kill ____: Vol. 1Bill
97%
Mad _____: Fury RoadMax
96.3%
The Curious Case of ________ ButtonBenjamin
95.5%
_____ Cassidy and the Sundance KidButch
94.5%
There's Something About ____Mary
94.4%
Cool Hand ____Luke
91%
Being ____ MalkovichJohn
90.1%
Movie First Name % Correct
What's Eating ______ GrapeGilbert
89.8%
_____ Through the Looking GlassAlice
88.9%
Forgetting _____ MarshallSarah
88.3%
______'s ChoiceSophie
86.8%
_______ XMalcolm
86.8%
________'s BabyRosemary
85.1%
_____ HallAnnie
84.7%
______ DarkoDonnie
82.5%
All About ___Eve
81.9%
Along Came _____Polly
80%
I Am ___Sam
66.9%

Today's Daily Dose

You're not logged in!

Compare scores with friends on all Sporcle quizzes.
Sign Up with Email
OR
Log In

You Might Also Like...

Show Comments

Extras

Top Quizzes Today


Score Distribution

Your Account Isn't Verified!

In order to create a playlist on Sporcle, you need to verify the email address you used during registration. Go to your Sporcle Settings to finish the process.